书目信息 |
| 题名: |
地基处理技术
|
|
| 作者: | 郑俊杰 编著 | |
| 分册: | ||
| 出版信息: | 武汉 华中科技大学出版社 2004.09 |
|
| 页数: | 373页 | |
| 开本: | 26cm | |
| 丛书名: | 21世纪高等学校教学用书 | |
| 单 册: | ||
| 中图分类: | TU47 | |
| 科图分类: | ||
| 主题词: | 地基处理 | |
| 电子资源: | ||
| ISBN: | 7-5609-3164-2 | |
| 000 | 00934nam 2200253 450 | |
| 001 | 010563635109 | |
| 005 | 20181217081210.89 | |
| 010 | @a7-5609-3164-2@dCNY29.80 | |
| 100 | @a20050319d2004 km y0chiy0120 ea | |
| 101 | 0 | @achi |
| 102 | @aCN@b420000 | |
| 105 | @aa a 000yy | |
| 200 | 1 | @a地基处理技术@Adi ji chu li ji shu@f郑俊杰编著@Fzheng jun jie bian zhu |
| 210 | @a武汉@c华中科技大学出版社@d2004.09 | |
| 215 | @a373页@c图@d26cm | |
| 225 | 2 | @a21世纪高等学校教学用书 |
| 320 | @a有书目 (第373页)。 | |
| 330 | @a本书结合《建筑地基处理技术规范》(JGJ79-2002)及相关规范的技术要求,详细介绍了当前国内外常用的和最新的地基处理技术,对每一种地基处理方法分别阐明了其加固机理、设计计算方法、施工工艺和质量检验等内容,并例举了工程实例。 | |
| 410 | 0 | @12001 @a21世纪高等学校教学用书 |
| 606 | 0 | @a地基处理 |
| 690 | @aTU47@v4 | |
| 701 | 0 | @a郑俊杰@Azheng jun jie@4编著 |
| 801 | 0 | @aCN@bQSSK@c20051025 |
| 905 | @a10447@dTU47@eZ436 | |
| 地基处理技术/郑俊杰编著.-武汉:华中科技大学出版社,2004.09 |
| 373页:图;26cm.-(21世纪高等学校教学用书) |
| ISBN 7-5609-3164-2:CNY29.80 |
| 本书结合《建筑地基处理技术规范》(JGJ79-2002)及相关规范的技术要求,详细介绍了当前国内外常用的和最新的地基处理技术,对每一种地基处理方法分别阐明了其加固机理、设计计算方法、施工工艺和质量检验等内容,并例举了工程实例。 |
| ● |
| 相关链接 |
|
|
|
正题名:地基处理技术
索取号:TU47/Z436
 
预约/预借
| 序号 | 登录号 | 条形码 | 馆藏地/架位号 | 状态 | 备注 |
| 1 | 1300851 | 213008519 | 建筑库101/101建筑库 97排2列1层/ [索取号:TU47/Z436] | 在馆 | |
| 2 | 1300856 | 213008564 | 建筑库101/101建筑库 97排2列1层/ [索取号:TU47/Z436] | 在馆 | |
| 3 | 490897 | 204908975 | 土木与交通工程学院资料室/101建筑库 48排4列2层/ [索取号:TU47/Z436] | 在馆 | |
| 4 | 490898 | 204908984 | 建筑库101/101建筑库 97排2列1层/ [索取号:TU47/Z436] | 在馆 | |
| 5 | 573068 | 205730681 | 建筑库101/101建筑库 97排2列1层/ [索取号:TU47/Z436] | 在馆 | |
| 6 | 573069 | 205730690 | 建筑库101/101建筑库 97排2列1层/ [索取号:TU47/Z436] | 在馆 | |
| 7 | 573070 | 205730707 | 建筑库101/101建筑库 97排2列1层/ [索取号:TU47/Z436] | 在馆 |